| 000 | 01136nac a22003011u 4500 | ||
|---|---|---|---|
| 003 | EG-ScBUE | ||
| 005 | 20220123104332.0 | ||
| 008 | 090422s1988 enka f 000 1 eng d | ||
| 020 | _a0582537460 | ||
| 020 | _a9780582537460 | ||
| 040 |
_aEG-ScBUE _beng _erda _cEG-ScBUE _dEG-ScBUE |
||
| 082 | 0 | 4 |
_a823.8 _bHOP _222 |
| 100 | 1 |
_aHope, Anthony, _d1863-1933, _eauthor. _94077 |
|
| 245 | 1 | 4 |
_aThe prisoner of Zenda / _cAnthony Hope ; abridged and simplified by A. J. Brayley ; illustrations by Edward Gage. |
| 264 | 1 |
_aHarlow, England : _bLongman Group UK Limited, _c1988. |
|
| 300 |
_a122 pages : _billustrations ; _c15 cm. |
||
| 336 |
_2rdacontent _atext _btxt |
||
| 337 |
_2rdamedia _aunmediated _bn |
||
| 338 |
_2rdacarrier _avolume _bnc |
||
| 490 | 0 |
_aLongman structure readers ; _vstage 4 |
|
| 500 | _aDistributer: Al-Ahram | ||
| 600 | 1 | 7 |
_aHope, Anthony _d1863-1933. _tPrisoner of Zenda. _2BUEsh _94078 |
| 650 | 7 |
_aImpostors and imposture _vFiction. _2BUEsh _94079 |
|
| 651 | 7 |
_aBritish _xForeign countries _vFiction. _2BUEsh |
|
| 653 |
_bHHUUEENN _cJanuary2021 |
||
| 655 |
_aAdventure stories _vReading book _934154 |
||
| 942 |
_cBB _2ddc |
||
| 999 |
_c9308 _d9308 |
||